| 000 | 01281cad a22003135a 4500 | ||
|---|---|---|---|
| 001 | E149420 | ||
| 008 | 100304s2010 xxk f 000 0 eng d | ||
| 035 | _a(Sirsi) u149420 | ||
| 041 | 0 | _aeng | |
| 100 | 1 | _aSkerratt, Sarah | |
| 245 | 0 | 0 |
_aRural Scotland in focus 2010 _h[electronic resource] |
| 260 |
_aEdinburgh _bScottish Agricultural College _c2010 |
||
| 521 | _aDiscusses the challenges faced by rural communities, and also looks at environmental and economic issues related to the countryside such as climate change and biodiversity. Suggests that these issues should be tackled with a regional approach, rather than a sector-based one. Proposes actions and Future Deabating Questions to inform future discussion. | ||
| 590 | _aKA | ||
| 651 | 4 |
_aScotland _y1999- |
|
| 690 | _aPROPERTY-RURAL AND NATURAL ASSETS | ||
| 700 | 1 | _aHall, Clare | |
| 700 | 1 | _aLamprinopoulou, Chrysa | |
| 700 | 1 | _aMcCracken, Davy | |
| 700 | 1 | _aMidgley, Andrew | |
| 700 | 1 | _aRenwick, Alan | |
| 700 | 1 | _aRevoredo, Cesar | |
| 700 | 1 | _aThomson, Steven | |
| 700 | 1 | _aWilliams, Fiona | |
| 700 | 1 | _aWreford, Anita | |
| 700 | 1 | _aPrice, Martin | |
| 856 | 4 | 0 |
_uhttps://www.sac.ac.uk/mainrep/pdfs/rsifreport2010.pdf _zView the report (PDF file) free of charge at www.sac.ac.uk |
| 942 | _n0 | ||
| 999 |
_c110496 _d110496 |
||